• 首页
  • 本馆介绍
  • 公告通知
  • 最新文献
  • 馆藏检索
  • 电子资源
  • 读者导购
  • 参考咨询
  • 我的图书馆
  • 登录
  • 详细信息显示
  • 放入我的书架
  • 预约/预借图书
  • 作者相关作品
  • 分类相关作品
  • 丛书相关作品
  • 出版社相关作品

书目信息

  • 表格格式
  • 工作单格式
  • 卡片格式
题名:
经济增长的道德意义
    
 
作者: 弗里德曼 著 ;李天有 译
分册:  
出版信息: 北京   中国人民大学出版社  2013
页数: 545页
开本: 24cm
丛书名: 当代资本主义研究丛书
单 册:
中图分类: F061.2
科图分类:
主题词: 经济增长--关系--道德--研究 , 经济增长 , 道德
电子资源:
ISBN: 978-7-300-17269-9
000 01057nam0 2200301 450
001 1452193140
005 20140908150838.81
010    @a978-7-300-17269-9@dCNY69.00
100    @a20130531d2013 em y0chiy50 ea
101 1  @achi@ceng
102    @aCN@b110000
105    @ay z 001yy
106    @ar
200 1  @a经济增长的道德意义@dThe moral consequences of economic growth@f本杰明·M·弗里德曼(Benjamin M. Friedman)著@g李天有译@zeng
210    @a北京@c中国人民大学出版社@d2013
215    @a545页@d24cm
225 2  @a当代资本主义研究丛书
330    @a本书论证了经济增长如何促进一个社会公民的社会、政治与经济福利的发展,并驳斥了大众关于经济增长与人类自由和尊严的发展不一致的说法。
410  0 @12001 @a当代资本主义研究丛书
510 1  @aMoral consequences of economic growth@zeng
606 0  @a经济增长@x关系@x道德@x研究
606 0  @a经济增长
606 0  @a道德
690    @aF061.2@v5
701  0 @c(美)@a弗里德曼@c(Friedman, Benjamin M.)@4著
702  0 @a李天有@4译
801  0 @aCN@bTANGWEI@c20140603
905    @b0843064-66@dF061.2@e113@f3
    
    经济增长的道德意义=The moral consequences of economic growth/本杰明·M·弗里德曼(Benjamin M. Friedman)著/李天有译.-北京:中国人民大学出版社,2013
    545页;24cm.-(当代资本主义研究丛书)
    
    
    ISBN 978-7-300-17269-9:CNY69.00
    本书论证了经济增长如何促进一个社会公民的社会、政治与经济福利的发展,并驳斥了大众关于经济增长与人类自由和尊严的发展不一致的说法。
●
相关链接 在E读中查询图书 在五车中查询图书 在当当中查询图书 在豆瓣中查询图书


正题名:经济增长的道德意义     索取号:F061.2/113         预约/预借

序号 登录号 条形码 馆藏地/架位号 状态 备注
1 0843064   208430642   第一样本阅览室/ [索取号:F061.2/113] 在馆    
2 0843065   208430651   第一借阅区/ [索取号:F061.2/113] 在馆    
3 0843066   208430660   第一借阅区/ [索取号:F061.2/113] 在馆    
唐山师范学院图书馆 欢迎您!
大连网信软件有限公司© 版权所有